| 000 | 01123nam a2200253Ia 4500 | ||
|---|---|---|---|
| 003 | OSt | ||
| 005 | 20220923225137.0 | ||
| 006 | a|||||r|||| 00| 0 | ||
| 007 | ta | ||
| 008 | 220922b |||||||| |||| 00| 0 san d | ||
| 024 | _a258,443 | ||
| 037 | _cTextual | ||
| 040 |
_aARTS _cARTS _bsan |
||
| 041 |
_2san _asan |
||
| 082 | _a/\2:864, 15N6 | ||
| 100 |
_aदैवज्ञ, मुकुन्द; मिश्र, सुरेश चन्द्र, संपा. _9168423 |
||
| 245 | 0 |
_aअष्टकवर्ग महानिबन्ध _b संस्कृत हिन्दी टीका द्वयोपेत |
|
| 246 | _aAṣhṭakavarga hinānibandha: sanskṛut hindī ṭīkā dvayopeta | ||
| 260 |
_aनई दिल्ली _b रंजन पब्लिकेशन _c1996 |
||
| 300 |
_a421पृ0 _ccm. |
||
| 650 | _aआध्यात्मिक अनुभव और रहस्यवाद | ||
| 942 |
_h/\2:864, 15N6 _cTEXL _2CC |
||
| 999 |
_c376367 _d376367 |
||